Pax Paedagogica
Elmentve itt :
| Szerző: | |
|---|---|
| Dokumentumtípus: | Cikk |
| Megjelent: |
1939
|
| Sorozat: | Nevelésügyi szemle
3 No. 1 |
| Kulcsszavak: | Pedagógia - Magyarország - 20. sz. |
| Online Access: | http://acta.bibl.u-szeged.hu/53078 |
| LEADER | 00566nab a2200169 i 4500 | ||
|---|---|---|---|
| 001 | acta53078 | ||
| 005 | 20260224081030.0 | ||
| 008 | 180403s1939 hu o 000 hun d | ||
| 040 | |a SZTE Egyetemi Kiadványok Repozitórium |b hun | ||
| 041 | |a hun | ||
| 100 | 1 | |a Kemény Ferenc | |
| 245 | 1 | 0 | |a Pax Paedagogica |h [elektronikus dokumentum] / |c Kemény Ferenc |
| 260 | |c 1939 | ||
| 300 | |a 46-47 | ||
| 490 | 0 | |a Nevelésügyi szemle |v 3 No. 1 | |
| 695 | |a Pedagógia - Magyarország - 20. sz. | ||
| 856 | 4 | 0 | |u http://acta.bibl.u-szeged.hu/53078/1/nev_szem_003_001_046-047.pdf |z Dokumentum-elérés |